000 00590nam a2200229Ia 4500
003 OSt
005 20220926040119.0
006 a|||||r|||| 00| 0
007 ta
008 220923b |||||||| |||| 00| 0 eng d
037 _cGeneral Book
040 _aRTL
_cRTL
_beng
041 _2eng
_aeng
082 _aX:75:2:N5, J0
100 _aVithal Babu V.
245 0 _aTowards planning
_b Towards Planning
260 _c1950
300 _a464p
_ccm.
650 _aPlanned Economy-India
942 _hX:75:2:N5, J0
_cGB
_2CC
999 _c663918
_d663918